Uživateľské testování www stránek s využitím SUPR-Q
Testovanie www stránok používateľmi. SUPR-Q je považovaný za štandardizovaný používateľský dotazník, ktorého hodnotiaca škála meria vnímanie použiteľnosti, dôvery a dôveryhodnosti, vzhľadu stránky a lojálnosti používateľov k posudzovaným www stránkam. Výhody SUPR-Q.
Salvato in:
| Autore principale: | |
|---|---|
| Natura: | Capitolo di libro |
| Lingua: | ceco |
| Soggetti: | |
| Tags: |
Nessun Tag, puoi essere il primo ad aggiungerne!!
|
MARC
| LEADER | 00000naa a2200000 4500 | ||
|---|---|---|---|
| 001 | 0236360 | ||
| 005 | 20220805074108.8 | ||
| 041 | 0 | |a cze | |
| 044 | |a CZ | ||
| 245 | 1 | 0 | |a Uživateľské testování www stránek s využitím SUPR-Q |c Ludvík Eger |
| 520 | |a Testovanie www stránok používateľmi. SUPR-Q je považovaný za štandardizovaný používateľský dotazník, ktorého hodnotiaca škála meria vnímanie použiteľnosti, dôvery a dôveryhodnosti, vzhľadu stránky a lojálnosti používateľov k posudzovaným www stránkam. Výhody SUPR-Q. | ||
| 610 | 2 | 0 | |a výskum |
| 610 | 2 | 0 | |a testy |
| 610 | 2 | 0 | |a stránky webové |
| 610 | 2 | 0 | |a dotazníky |
| 610 | 2 | 0 | |a používatelia |
| 100 | 1 | |a Eger, Ludvík | |